Arabic alphabet - Statistics

General Stats
  • This quiz has been taken 1,481 times
  • The average score is 19 of 28
Answer Stats
Isolated Final Medial Initial Answer % Correct
ا ـا ـا ا a
100%
ب ـب ـبـ بـ b
98%
ت ـت ـتـ تـ t
89%
د ـد ـد د d
80%
ج ـج ـجـ جـ j
79%
ر ـر ـر ر r
78%
ث ـث ـثـ ثـ th
78%
س ـس ـسـ سـ s
75%
ح ـح ـحـ حـ h
74%
ش ـش ـشـ شـ sh
73%
ز ـز ـز ز z
73%
ك ـك ـكـ كـ k
67%
ل ـل ـلـ لـ l
67%
م ـم ـمـ مـ m
67%
خ ـخ ـخـ خـ kh
66%
ن ـن ـنـ نـ n
66%
ص ـص ـصـ صـ
66%
ي ـي ـيـ يـ y
66%
و ـو ـو و w
64%
ذ ـذ ـذ ذ dh
63%
ط ـط ـطـ طـ
63%
ض ـض ـضـ ضـ
61%
ه ـه ـهـ هـ h
61%
ف ـف ـفـ فـ f
60%
ق ـق ـقـ قـ q
52%
غ ـغ ـغـ غـ gh
48%
ظ ـظ ـظـ ظـ
37%
ع ـع ـعـ عـ ah
15%
No matching quizzes found
Score Distribution
Percent of People with Each Score
Percentile by Number Answered
Your Score History
You have not taken this quiz